000 00317pam a2200133 a 4500
020 _c
041 _h
082 _a820
100 _aLAWRENCE (D.H.)
_eauthor
245 _aSons and Lovers
_hTextual Document
260 _bHachette Book Publishing India Pvt. Ltd. Gurgaon
_c2010
300 _aix, 471
930 _a9397
999 _c840155
_d840155